000 00330 a2200145 4500
001 156193
040 _cEscola São Tomás de Aquino
100 _aMCDONALD, Megan
240 1 0 _aNatal super legal
_lpor
245 1 0 _aNatal super legal
300 _a114
362 0 _a2008
697 _a*LITERATURA INFANTO JUVENIL
942 _cBK
999 _c156193
_d156193